| 000 | 00680nam a22002055i 4500 | ||
|---|---|---|---|
| 001 | 163253 | ||
| 003 | ES-MaACL | ||
| 005 | 20250730213800.0 | ||
| 008 | 940615s1866 fr |||| | fre d | ||
| 040 |
_aCAM _bspa |
||
| 100 | 1 |
_aRenan, Ernest, _d1823-1892 _996168 |
|
| 245 | 1 | 4 |
_aLes Aportres / _cpar Ernest Renan. |
| 260 |
_aParis : _bMichel Lévy Fréres, _c1866. |
||
| 300 |
_aLXIV, 388, 32 p. ; _c23 cm. |
||
| 490 | 1 |
_aHistoire des origines du Christianisme ; _v2 |
|
| 650 | 7 |
_aApóstoles _2embne _9135481 |
|
| 830 | 0 |
_aHistoire des origines du Christianisme ; _v2 _9188420 |
|
| 852 |
_aES-MaACL _jF-7018 _z-- Enc. pasta española |
||
| 999 |
_c163253 _d163253 |
||